000 00263nam a22001217a 4500
082 _a825
_bTHA/B
100 _aTHAMPSON,WALTER
245 _aBETTER SPEECHES MADE EASY
260 _aDELHI
_bGOYAL PUBLISHERS
300 _a136
650 _aSPEECH
_zDELHI
942 _cBK
999 _c3629
_d3629